| 000 | 00759nam a2200253Ia 4500 | ||
|---|---|---|---|
| 003 | OSt | ||
| 005 | 20221005092301.0 | ||
| 006 | a|||||r|||| 00| 0 | ||
| 007 | ta | ||
| 008 | 221004b |||||||| |||| 00| 0 eng d | ||
| 020 |
_a6415979277 (pbk) _c1372.58 |
||
| 024 | _a86751 | ||
| 037 |
_b11615, 29/03/2007, Govinda Book House _cTextual |
||
| 040 |
_aCRL _cCRL _beng |
||
| 041 |
_2eng _aeng |
||
| 082 | _aY15x, P6 | ||
| 100 |
_aMarso Lori Jo _9255543 |
||
| 245 | 0 | _aFeminist thinkers and the demands of feminity. Vol. 1 | |
| 260 |
_aNew York _bRoutledge U.S.A. _c2006 |
||
| 300 |
_axx,218p _ccm. |
||
| 650 | _aSOCIOLOGY | ||
| 942 |
_hY15x, P6 _cTEXL _2cc |
||
| 999 |
_c998615 _d998615 |
||